Statistics for NFL most won super bowls

Click here to take the quiz!

General Stats

  • This quiz has been taken 109 times
  • The average score is 11 of 14

Answer Stats

HintAnswer% Correct
1steelers
98%
2patriots
97%
4cowboys
93%
6packers
91%
349ers
86%
9broncos
85%
5giants
80%
7raiders
78%
11dolphins
77%
12ravens
73%
10colts
72%
8redskins
69%
13jets
63%
14buccaneers
48%

Score Distribution

Percentile by Number Answered

Percent of People with Each Score

Your Score History

You have not taken this quiz